| 000 | 00697nam a2200265 i 4500 | ||
|---|---|---|---|
| 001 | 13852 | ||
| 003 | ES-MaACL | ||
| 005 | 20250801154639.0 | ||
| 007 | t| | ||
| 008 | 980714s1993 ve ||||1| spa d | ||
| 020 | _a980-01-0327-9 | ||
| 080 | _a784.4 | ||
| 080 | _a159.942 | ||
| 100 | 1 |
_aCastillo Zapata, Rafael. _936779 |
|
| 245 | 1 | 0 |
_aFenomenología del bolero / _cRafael Castillo Zapata. |
| 250 | _a3ª ed. | ||
| 260 |
_aCaracas : _bMonte Avila, _c1993. |
||
| 300 |
_a155, [6] p. ; _c20 cm. |
||
| 490 | 1 | _aEstudios | |
| 650 | 1 | 4 |
_aBoleros. _910602 |
| 650 | 7 |
_aAmor _2embne _99754 |
|
| 830 | 0 |
_aEstudios _9177349 |
|
| 852 |
_aES-MaACL _jL-21346 _bR.122657 |
||
| 999 |
_c13852 _d13852 |
||